BSOP header

The story of Bible translations, (Record no. 44478)

MARC details
000 -LEADER
fixed length control field 00617cam a2200193 4500
001 - CONTROL NUMBER
control field AAV3054
005 - DATE AND TIME OF LATEST TRANSACTION
control field 20181023111536.0
008 - FIXED-LENGTH DATA ELEMENTS--GENERAL INFORMATION
fixed length control field 780508s1943 mauh 00010 eng
035 ## - SYSTEM CONTROL NUMBER
System control number (OCoLC)3876603
100 1# - MAIN ENTRY--PERSONAL NAME
Personal name Margolis, Max Leopold,
Dates associated with a name 1866-1932.
245 14 - TITLE STATEMENT
Title The story of Bible translations,
Remainder of title by Max L. Margolis.
260 ## - PUBLICATION, DISTRIBUTION, ETC. (IMPRINT)
Place of publication, distribution, etc Philadelphia :
Name of publisher, distributor, etc The Jewish publication society of America,
Date of publication, distribution, etc c1948.
300 ## - PHYSICAL DESCRIPTION
Extent 135 pages :
Other physical details facsimile ;
Dimensions 19 cm
336 ## - CONTENT TYPE
Content Type Term text
Content Type Code txt
Source rdacontent
337 ## - MEDIA TYPE
Media Type Term unmediated
Media Type Code n
Source rdamedia
338 ## - CARRIER TYPE
Carrier Type Term volume
Carrier Type Code nc
Source rdacarrier
630 00 - SUBJECT ADDED ENTRY--UNIFORM TITLE
Uniform title Bible
General subdivision Translating.
942 ## - ADDED ENTRY ELEMENTS (KOHA)
Source of classification or shelving scheme Library of Congress Classification
Item type Books
Holdings
Withdrawn status Lost status Source of classification or shelving scheme Damaged status Not for loan Home library Current library Shelving location Date acquired Source of acquisition Inventory number Total Checkouts Full call number Barcode Date last seen Price effective from Koha item type
    Library of Congress Classification     BSOP Library BSOP Library GC 10/23/2018 Donated by Dr. David and Oprah Weisberg 44083   BS450 M33 1948 00055083 10/23/2018 10/23/2018 Books
BSOP

Biblical Seminary of the Philippines
  All rights Reserved
  © 2024

CONTACT INFORMATION

Biblical Seminary of the Philippines,
  77-B Karuhatan Road, Valenzuela City,
  PHILIPPINES 1441
  Phone: +632 8292-6795 / 8292-6798
  Fax : +632 8292-6675
  Email: library@bsop.edu.ph